| 000 | 01412cam a2200361 i 4500 | ||
|---|---|---|---|
| 001 | 40791 | ||
| 003 | Mx-PuUPA | ||
| 005 | 20240410103817.0 | ||
| 008 | 140415s2008 sp a gr 000 0 spa d | ||
| 017 | _aB-23.965-2008 | ||
| 020 | _a9788479279370 | ||
| 040 |
_aMx-PuUPA _bspa _cMx-PuUPA _dMx-PuUPA _erda |
||
| 041 | 1 |
_aspa _heng |
|
| 100 | 1 |
_913645 _aHolford, Patrick, _d1958- _eautor |
|
| 240 | 1 | 0 |
_aOptimum nutrition for your child's mind. _lEspañol |
| 245 | 1 | 0 |
_aNutrición óptima para la mente del niño / _cPatrick Holford y Deborah Colson ; traducción de Francesc Navarro |
| 264 | 1 |
_aBarcelona : _bEdiciones Robinbook, _c©2008 |
|
| 300 |
_a318 páginas : _eilustraciones, tablas ; _c22 cm |
||
| 336 |
_2rdacontent _atexto _btxt |
||
| 337 |
_2rdamedia _asin medio _bn |
||
| 338 |
_2rdacarrier _avolumen _bnc |
||
| 650 | 7 |
_2armarc _aNiños _xNutrición |
|
| 650 | 7 |
_2armarc _aInteligencia _xAspectos nutricionales |
|
| 650 | 7 |
_2armarc _aNeuropsiología pediátrica |
|
| 650 | 7 |
_2armarc _aAgentes nootrópicos |
|
| 700 | 1 |
_aColson, Deborah, _eautor |
|
| 700 | 1 |
_aNavarro, Francesc, _etraductor |
|
| 765 | 0 | 8 |
_aHolford, Patrick, 1958- _bGran Britain : Piatkus Books, ©2006 _tOptimum nutrition for your child's mind. |
| 942 |
_2ddc _cLI _h618.92 _iH722 |
||
| 999 |
_c40791 _d40791 |
||